000 00353nam a2200133Ia 4500
008 231129s9999||||xx |||||||||||||| ||spa||
020 _a968-451-369-0
040 _bspa
082 _a574.192 W582b
100 _aWhite Abraham
245 0 _aPrincipios de bioquí­mica
264 _aMcGraw-Hill
942 _2ddc
_cBKS
999 _c23213
_d23213